000 00356nam a2200133Ia 4500
005 20260326235452.0
008 260326s9999||||xx |||||||||||||| ||und||
100 _aPuyo Vasco, Fabio
245 0 _aHistoria de Bogotá :
_b Tomo I - Conquista y colonia /
_cFabio Puyo Vasco
260 _bSalvat/Villegas
300 _a94 p.
650 _aCOLOMBIA
942 _cBK
999 _c7797
_d7797